Statistiken für US-Staaten mit einer leeren Karte

Klicken Sie hier um das Quiz zu spielen!

Allgemein

  • Dieses Quiz wurde 33.816 mal gespielt
  • Das Durchschnittsergebnis liegt bei 38 aus 50

Antworten auf der Karte

Die Antworten werden auf der Karte rot bzw. grün angezeigt, abhängig davon wie oft sie richtig erraten wurden.
Laden ...
 

Antwortstatistiken

Staat% Korrekt
New York
95%
Texas
95%
Kalifornien
94%
Washington
94%
Florida
91%
Alabama
87%
North Dakota
86%
Nevada
85%
South Dakota
85%
New Mexico
84%
Alaska
83%
North Carolina
82%
Arizona
81%
Hawaii
81%
Mississippi
81%
South Carolina
81%
Ohio
78%
Utah
78%
Virginia
77%
Kansas
76%
Arkansas
75%
Georgia
75%
Idaho
75%
Colorado
74%
Maine
74%
New Jersey
74%
Oregon
74%
West Virginia
74%
Illinois
73%
Michigan
72%
Wyoming
72%
Kentucky
71%
Montana
71%
Indiana
70%
Nebraska
70%
Oklahoma
70%
Louisiana
69%
Tennessee
69%
Missouri
68%
Pennsylvania
68%
Iowa
66%
Wisconsin
66%
New Hampshire
65%
Vermont
65%
Maryland
64%
Minnesota
64%
Delaware
63%
Massachusetts
63%
Rhode Island
63%
Connecticut
59%

Verteilung der Resultate

Perzentil nach korrekt beantworteten Fragen

Anzahl Personen mit jedem Resultat

Ihre Resultats-Entwicklung

Sie haben dieses Quiz noch nicht gespielt